Пропуск в контексте

Исследовательская деятельность в начальном общем образовании учебно-методическое пособие

Учебно-методическое пособие ориентирует к организации исследовательской деятельности младших школьников в контексте требований Федеральных государственных образовательных стандартов начального общего образования; раскрывается содержание исследовательской деятельности с 1 по 4 классы. Учебно-методиче...

Popoln opis

Shranjeno v:
Bibliografske podrobnosti
Format: Книга
Jezik:Russian
Izdano: Уфа БГПУ имени М. Акмуллы 2015
Online dostop:https://e.lanbook.com/book/72521
https://e.lanbook.com/img/cover/book/72521.jpg
Oznake: Označite
Brez oznak, prvi označite!
LEADER 01863nam0a2200241 i 4500
001 72521
003 RuSpLAN
005 20221220173946.0
008 221220s2015 ru gs 000 0 rus
040 |a RuSpLAN 
041 0 |a rus 
044 |a ru 
080 |a 373.3.019.3 
084 |a 74.202.43  |2 rubbk 
245 0 0 |a Исследовательская деятельность в начальном общем образовании  |b учебно-методическое пособие 
260 |a Уфа  |b БГПУ имени М. Акмуллы  |c 2015 
300 |a 57 с. 
504 |a Библиогр.: доступна в карточке книги, на сайте ЭБС Лань 
520 8 |a Учебно-методическое пособие ориентирует к организации исследовательской деятельности младших школьников в контексте требований Федеральных государственных образовательных стандартов начального общего образования; раскрывается содержание исследовательской деятельности с 1 по 4 классы. Учебно-методическое пособие может быть полезным для студентов-бакалавров, студентов-магистрантов высших учебных заведений, обучающихся по специальности «Учитель начальных классов». 
521 8 |a Книга из коллекции БГПУ имени М. Акмуллы - Психология. Педагогика 
856 4 |u https://e.lanbook.com/book/72521 
856 4 8 |u https://e.lanbook.com/img/cover/book/72521.jpg 
953 |a https://e.lanbook.com/img/cover/book/72521.jpg